000 00555nam a2200097Ia 4500
008 170517s9999 xx 000 0 und d
245 _aTabloids, Tories and Telephone Hacking
300 _aDispatches examines allegations that during Andy Coulson's time as editor of News of the World, phone hacking was a routine practice at the paper and carried out with his knowledge. Political journalist Peter Oborne investigates the paper's working relationship...
650 _xMedia.
856 _uhttp://topdocumentaryfilms.com/tabloids-tories-and-telephone-hacking/
999 _c333547
_d333547